000 00561nam a2200205Ia 4500
005 20250923144324.0
008 008 250917s9999 xx 000 0 eng d
037 _aTextual
040 _aDSWL
_beng
_cDSWL
041 _aeng
_2eng
084 _aX:9:2:N4, H9
_qDSWL
100 _aRastogi, T.N.
_9823651
245 0 _aIndian industrial labour
_cby T.N. Rastogi
260 _aBombay
_bHind Kitabs
_c1949
300 _a236 p.
365 _aINR
_b7.8
925 _g7.8
942 _cTEXL
_hX:9:2:N4, H9
999 _c1437425
_d1437425